Power Stations Using Locally Available Energy Sources A Volume in the Encyclopedia of Sustainability Science and Technology Series, Second Edition /

This volume covers the utilization of geothermal and related energy resources that exploit variations in temperature, chemistry, etc. and require different plant designs and technologies for each location. Extending beyond power plants using geothermal and ocean energy, coverage includes hot dry roc...

Πλήρης περιγραφή

Λεπτομέρειες βιβλιογραφικής εγγραφής
Συγγραφή απο Οργανισμό/Αρχή: SpringerLink (Online service)
Άλλοι συγγραφείς: Bronicki, Lucien Y. (Επιμελητής έκδοσης, http://id.loc.gov/vocabulary/relators/edt)
Μορφή: Ηλεκτρονική πηγή Ηλ. βιβλίο
Γλώσσα:English
Έκδοση: New York, NY : Springer New York : Imprint: Springer, 2018.
Έκδοση:1st ed. 2018.
Σειρά:Encyclopedia of Sustainability Science and Technology Series
Θέματα:
Διαθέσιμο Online:Full Text via HEAL-Link
LEADER 04981nam a2200565 4500
001 978-1-4939-7510-5
003 DE-He213
005 20200229143227.0
007 cr nn 008mamaa
008 180417s2018 xxu| s |||| 0|eng d
020 |a 9781493975105  |9 978-1-4939-7510-5 
024 7 |a 10.1007/978-1-4939-7510-5  |2 doi 
040 |d GrThAP 
050 4 |a TK1001-1841 
050 4 |a TK1001-1841 
072 7 |a TH  |2 bicssc 
072 7 |a TEC031000  |2 bisacsh 
072 7 |a TH  |2 thema 
072 7 |a TH  |2 thema 
082 0 4 |a 621.042  |2 23 
082 0 4 |a 621.042  |2 23 
245 1 0 |a Power Stations Using Locally Available Energy Sources  |h [electronic resource] :  |b A Volume in the Encyclopedia of Sustainability Science and Technology Series, Second Edition /  |c edited by Lucien Y. Bronicki. 
250 |a 1st ed. 2018. 
264 1 |a New York, NY :  |b Springer New York :  |b Imprint: Springer,  |c 2018. 
300 |a 345 illus., 184 illus. in color. eReference.  |b online resource. 
336 |a text  |b txt  |2 rdacontent 
337 |a computer  |b c  |2 rdamedia 
338 |a online resource  |b cr  |2 rdacarrier 
347 |a text file  |b PDF  |2 rda 
490 1 |a Encyclopedia of Sustainability Science and Technology Series 
505 0 |a Introduction to Geothermal Power Stations -- Geothermal Energy Utilization -- Geology and Hydrology of Geothermal Energy -- Nature, Use, and Expectations of Geothermal Energy -- Sustainability and Renewability of Geothermal Power Capacity -- Geochemistry of Hydrothermal Systems -- Drilling for Geothermal Resources -- Geothermal Field and Reservoir Monitoring -- Environmental Aspects of Geothermal Resources -- Geothermal Power Conversion Technology -- Geothermal Power Economics -- Development and Sustainability of Engineered Geothermal Systems -- Direct Heat Utilization of Geothermal Resources Worldwide -- Reservoir Engineering in Geothermal Fields -- Solar Pond Power System -- Power Generation from Low Grade Heat Streams -- Introduction to Ocean Energy -- Marine and Hydrokinetic Energy Environmental Challenges -- Offshore Wind Energy Technology Trends, Challenges, and Risks -- Tidal Energy -- Ocean Thermal Energy Conversion -- Osmotic Power Generation -- Power Generation from Dry Air. 
520 |a This volume covers the utilization of geothermal and related energy resources that exploit variations in temperature, chemistry, etc. and require different plant designs and technologies for each location. Extending beyond power plants using geothermal and ocean energy, coverage includes hot dry rock systems, geothermal conditioning, solar ponds, osmotic power, dry air, and potential future deep sea hydrothermal sources. Some technologies have reached the prototype stage, some not even that, but where much work has been invested, it is important to provide a complete picture if only to prevent others from following a dead-end path. For geothermal power plants, the greatest challenge remains the geothermal resource itself. Power conversion is the least uncertain part of a geothermal project, as it consists of a straightforward engineering design with work executed by experienced manufacturers, engineering firms, and contractors. The issues associated with integrating large amounts of ocean energy into the overall supply are also explored. Collecting more than 20 new articles and updated entries, all peer reviewed, this volume in the Encyclopedia of Sustainability Science and Technology, Second Edition, provides an authoritative introduction from exploration techniques to conversion systems for a wide range of locally available energy sources. This comprehensive reference is suitable for those just entering these fields, but also offers new insights for advanced researchers, industry experts, and decision makers. 
650 0 |a Energy systems. 
650 0 |a Geotechnical engineering. 
650 0 |a Renewable energy resources. 
650 0 |a Sustainable development. 
650 1 4 |a Energy Systems.  |0 http://scigraph.springernature.com/things/product-market-codes/115000 
650 2 4 |a Energy Systems.  |0 http://scigraph.springernature.com/things/product-market-codes/115000 
650 2 4 |a Geotechnical Engineering & Applied Earth Sciences.  |0 http://scigraph.springernature.com/things/product-market-codes/G37010 
650 2 4 |a Renewable and Green Energy.  |0 http://scigraph.springernature.com/things/product-market-codes/111000 
650 2 4 |a Sustainable Development.  |0 http://scigraph.springernature.com/things/product-market-codes/U34000 
700 1 |a Bronicki, Lucien Y.  |e editor.  |4 edt  |4 http://id.loc.gov/vocabulary/relators/edt 
710 2 |a SpringerLink (Online service) 
773 0 |t Springer Nature eReference 
776 0 8 |i Printed edition:  |z 9781493975099 
776 0 8 |i Printed edition:  |z 9781493975112 
830 0 |a Encyclopedia of Sustainability Science and Technology Series 
856 4 0 |u https://doi.org/10.1007/978-1-4939-7510-5  |z Full Text via HEAL-Link 
912 |a ZDB-2-ENE 
950 |a Energy (Springer-40367)